Vývojové tendencie v oblasti transferového oceňovania
Príspevok poukazuje na rastúci význam problematiky transferového oceňovania, na právnu úpravu tejto problematiky v medzinárodnom a domácom rámci, ako aj na zmeny, ktoré priniesol v tejto oblasti novelizovaný zákon č. 595/2003 Z. z. o dani z príjmov v Slovenskej republike k 1. 1. 2015.
Salvato in:
| Autore principale: | |
|---|---|
| Natura: | Capitolo di libro |
| Lingua: | slovacco |
| Soggetti: | |
| Tags: |
Nessun Tag, puoi essere il primo ad aggiungerne!!
|
MARC
| LEADER | 00000nla a2200000 4500 | ||
|---|---|---|---|
| 001 | 0213072 | ||
| 005 | 20240502073539.0 | ||
| 041 | 0 | |a slo | |
| 044 | |a SK | ||
| 245 | 1 | 0 | |a Vývojové tendencie v oblasti transferového oceňovania |c Ivona Ďurinová |
| 520 | |a Príspevok poukazuje na rastúci význam problematiky transferového oceňovania, na právnu úpravu tejto problematiky v medzinárodnom a domácom rámci, ako aj na zmeny, ktoré priniesol v tejto oblasti novelizovaný zákon č. 595/2003 Z. z. o dani z príjmov v Slovenskej republike k 1. 1. 2015. | ||
| 610 | 2 | 0 | |a zdaňovanie |
| 610 | 2 | 0 | |a zdaňovanie medzinárodné |
| 610 | 2 | 0 | |a oceňovanie transferové |
| 610 | 2 | 0 | |a definície |
| 610 | 2 | 0 | |a legislatíva |
| 610 | 2 | 0 | |a Slovensko |
| 100 | 1 | |a Ďurinová, Ivona, 1964- | |